| 000 | 01006nam a2200313 i 4500 | ||
|---|---|---|---|
| 003 | EG-GICUC | ||
| 005 | 20260121101223.0 | ||
| 008 | 251116s1973 -ukac |f |||| 001 0 eng d | ||
| 020 | _a0678070164 | ||
| 040 |
_aEG-GiCUC _beng _cEG-GiCUC _dEG-GiCUC _erda |
||
| 041 | 0 | _aeng | |
| 082 | 0 | 4 |
_221 _a338.9 _bMA . E |
| 092 | 0 | 4 | _221 |
| 099 | _aLaw1 13 338.9 MA . E 1972 | ||
| 100 | 1 |
_aMaynard , Geoffrey _eAuthor. |
|
| 245 | 1 | 0 |
_aEconomic Development and The Price Level / _cBy Geoffrey Maynard |
| 264 | 1 |
_aLondon : _b Macmillan, _c1972. |
|
| 300 |
_a295 pages : _billustrations ; _c24 cm. |
||
| 336 |
_2rda content _atext |
||
| 337 |
_2rda media _aComputer |
||
| 338 |
_2rda carrier _aOnline Resource |
||
| 504 | _aIncludes bibliographical references and index. | ||
| 546 | _aText in English | ||
| 650 | 1 | 4 |
_aPublic finance and tax legislation _2qrmak |
| 651 | 1 | _2qrmak | |
| 856 | 4 | 0 | _uhttps://fll.law.cu.edu.eg/fulltext/bks/B13-07540.pdf |
| 905 | _aBasma Mohamed | ||
| 942 |
_2ddc _cBK _e21 _n0 |
||
| 999 |
_c43368 _d43368 |
||